| 000 | 01065cam a2200133 4500500 | ||
|---|---|---|---|
| 005 | 20260405032052.0 | ||
| 041 | _afre | ||
| 042 | _adc | ||
| 100 | 1 | 0 |
_aGaillard, Jacques _eauthor |
| 245 | 0 | 0 | _aIntroduction à la littérature latine : Des origines au Haut-Empire |
| 260 |
_bArmand Colin,
_c2017. |
||
| 520 | _aCet ouvrage présente l’histoire de la littérature latine de ses origines à la chute des Antonins. Sous forme d’un plaisant parcours à travers les genres et les siècles, il permet de découvrir les grands auteurs et les textes fondateurs de l’Antiquité romaine, avec la modeste ambition d’encourager les étudiants à fréquenter ces classiques, célèbres ou non. Précieux outil pour les étudiants des classes préparatoires littéraires et des cycles L de lettres classiques et modernes, il leur offre un panorama bienvenu sur le théâtre, la philosophie, la poésie ou encore l’élégie latines. | ||
| 856 | 4 | 1 | _uhttps://shs.cairn.info/introduction-a-la-litterature-latine--9782200617806?lang=fr&redirect-ssocas=7080 |
| 999 |
_c2152012 _d2152012 |
||